000 00730nam a22002297a 4500
999 _c143327
_d143327
005 20230529142339.0
010 _aENG-119762
020 _c100.00
_a9788186954829
035 _aEN-103294
037 _bDBAD/PUB
082 _a153.6
100 _aMukherjee, Sumitra
245 _aAspects of interpersonal communication /
_cby Sumitra Mukherjee [and] Sujata Roychodhury ; edited by Soumitra Basu
260 _aKolkata
_bJadavpur University Press
_c2012
270 _bKolkata
_aJadavpur University
_e700032
300 _a132p.
_c21cm(pbk)
490 _aSelf-empowerment series
500 _aIncludes bibligraphical references
700 _aRoychoudhury, Sujata
700 _aBasu, Soumitra
942 _cEN
_h153.6
_mMUK
_2lcc